|
|
|
|
| LEADER |
00000nam2a2200000 4500 |
| 001 |
676822 |
| 005 |
20241121084227.0 |
| 090 |
|
|
|a 676822
|
| 100 |
|
|
|a 20241121d1965 k||y0rusy50 ca
|
| 101 |
0 |
|
|a rus
|
| 102 |
|
|
|a RU
|
| 105 |
|
|
|a a|||z|||0||||
|
| 181 |
|
0 |
|a i
|b e
|
| 182 |
|
0 |
|a n
|
| 183 |
|
0 |
|a nc
|2 RDAcarrier
|
| 200 |
0 |
|
|a Вып. 28
|f гл. ред. А. П. Крылов
|
| 203 |
|
|
|a Текст
|b визуальный
|c непосредственный
|
| 210 |
|
|
|d 1965
|
| 215 |
|
|
|a 109 с.
|c ил.
|
| 283 |
|
|
|a volume
|2 RDAcarrier
|
| 320 |
|
|
|a Библиография в конце статей.
|
| 330 |
|
|
|a В сборнике публикуется ряд статей, посвящённых вопросам вытеснения нефти водой из неоднородной пористой среды, вытеснения газированной нефти газом, расчёта процесса заводнения неоднородного пласта, фильтрации нефти к скважине в нефтегазовой залежи с подошвенной водой, определения давления насыщения газожидкостной системы в пористой среде, влияния охлаждения пласта на его нефтеотдачу и др. Часть статей освещает вопросы применения гидроразрыва пласта и обработки нефтяных скважин поверхностно-активными веществами. Сборник предназначен для научных и инженерных работников нефтяной промышленности и студентов старших курсов учебных заведений.
|
| 461 |
|
1 |
|0 676307
|9 676307
|c Москва
|d 1958-
|f Всесоюзный нефтегазовый научно-исследовательский институт (ВНИИ)
|n Гостоптехиздат
|n Недра
|t Научно-технический сборник по добыче нефти
|v Вып. 28
|
| 606 |
1 |
|
|a Газ и нефть
|x Добыча
|9 32791
|
| 610 |
1 |
|
|a научно-технический опыт
|
| 610 |
1 |
|
|a передовые методы
|
| 610 |
1 |
|
|a вытеснение водой
|
| 610 |
1 |
|
|a пористые среды
|
| 610 |
1 |
|
|a нагнетание ртути
|
| 610 |
1 |
|
|a заводнение
|
| 610 |
1 |
|
|a оптимальные дебиты
|
| 610 |
1 |
|
|a избирательная фильтрация
|
| 610 |
1 |
|
|a фазовые проницаемости
|
| 610 |
1 |
|
|a нефтеотдача
|
| 675 |
|
|
|a 622.32
|v 4
|
| 702 |
|
1 |
|4 340
|a Крылов
|b А. П.
|
| 801 |
|
0 |
|a RU
|b 63413507
|c 20241121
|
| 830 |
|
|
|a Ретро2024Продолжающиеся
|
| 850 |
|
|
|a 63413507
|
| 942 |
|
|
|c CR
|